| 000 | 00779nam a2200205 4500 | ||
|---|---|---|---|
| 001 | 112527 | ||
| 003 | ES-MaACL | ||
| 005 | 20230906185542.0 | ||
| 007 | t| | ||
| 008 | 061121s1910 gw r ||||1| ger d | ||
| 100 | 1 |
_aNiese, Benedictus. _985646 |
|
| 245 | 1 | 0 |
_aGrundriss der Römischen Geschichte Nebst Quellenkunde _b: vierte / _cvon Dr. Benedictus Niese. |
| 250 | _a4. verb. und verm. Aufl. | ||
| 260 |
_aMünchen : _bC. H. Beck'sche Verlagsbuchhanlung, _c1910. |
||
| 300 |
_aVII, 454 p. ; _c25 cm. |
||
| 490 | 1 |
_aHanbuch der klassischen Alterturms-Wissenschaft in systematischer Darstellung ; _v3, 5 |
|
| 830 | 0 |
_aHanbuch der klassischen Alterturms-Wissenschaft in systematischer Darstellung ; _v3, 5 _9233134 |
|
| 852 |
_aES-MaACL _jF-15192 |
||
| 999 |
_c112527 _d112527 |
||